000 01039nas a2200349 4500
001 BR0701119
003 BR-BrBNA
005 20231205110624.0
007 ta
008 230509b bl.|||p| |||| 00| 00por d
040 _aBR-BrBNA
_bpor
_cBiblioteca Nacional de Agricultura
041 _a(Pt)
072 _aL02
100 1 _aLeme, T.M.S.P.
100 1 _aPires, M. de F.Á.
100 1 _aVerneque, R. da S.
100 1 _aAlvim, M.J.
100 1 _aAroeira, L.J.M.
245 1 _aComportamento de vacas mestiças Holandês x Zebu, em pastagem de Brachiaria decumbens em sistema silvipastoril
650 _aGADO HOLANDÊS
650 _aGADO ZEBU
650 _aVACA
650 _aBRACHIARIA DECUMBENS
650 _aPASTAGEM
650 _aAGROSSILVICULTURA
650 _aCOMPORTAMENTO ANIMAL
650 _aSOMBREAMENTO
650 _aBEM-ESTAR
773 0 _tCiência e Agrotecnologia (Brazil)
_xISSN 1413-7054
_g(2005), v. 29(3) p. 668-675
_wBR0701119
909 _a202311
_bLúcia
_c55
_dLúcia Elande
942 _2AGRIS
_n0
_cANA
999 _c188223
_d188223